| 000 | 00974nam a2200289 a 4500 | ||
|---|---|---|---|
| 999 |
_c970 _d970 |
||
| 005 | 20200104041517.0 | ||
| 008 | 140224b1994 ck ||||| |||| 00| 0 spa d | ||
| 040 |
_aCO-BoIAVH _cCO-BoIAVH |
||
| 041 | _aspa | ||
| 044 | _ack | ||
| 090 | _aIND-I-92 | ||
| 100 | 1 | _aAndrade-Pérez, Germán Ignacio | |
| 245 | 1 |
_aConservación de la biodiversidad en la provincia biogeográfica chocoana de Colombia _buna aproximación regional |
|
| 260 |
_aBogotá: _bInderena; _c1994. |
||
| 300 |
_a25 paginas.: _c28x22 cm |
||
| 500 | _aProyecto Biopacífico | ||
| 650 | 4 | _aConservación de biodiversidad | |
| 650 | 1 | 4 | _aBiodiversidad |
| 650 | 1 | 4 | _aEcosistemas amenazados |
| 650 | 1 | 4 | _aEspecies amenazadas |
| 650 | 1 | 4 | _aEspecies en peligro |
| 650 | 1 | 4 | _aAreas protegidas |
| 650 | 1 | 4 | _aProyecto Biopacífico (Colombia) |
| 662 |
_aColombia _cChocó biogeográfico |
||
| 710 | _aMinisterio de Agricultura | ||
| 942 |
_cLIBRO _2z _02 |
||